| 000 | 00504nam a2200169 4500 | ||
|---|---|---|---|
| 003 | SEACOMMC | ||
| 005 | 20241223112803.0 | ||
| 008 | 241223b |||||||| |||| 00| 0 eng d | ||
| 020 |
_a 0706907523 _cRs.260.00 |
||
| 040 | _aSEACOMMC | ||
| 082 |
_a513.93 _bZ 24 |
||
| 100 | _aZameeruddin, Qazi | ||
| 245 | 1 |
_aBusiness mathematics _cQazi Zameeruddin,V.K.Khanna and S.K.Bhambri |
|
| 260 |
_a New Delhi _b Vikas Publishing House _c 1980. |
||
| 650 | _a Business mathematics--Study and teaching | ||
| 942 | _cBOOK | ||
| 999 |
_c921 _d921 |
||